000 005400000a22001810004500
003 MACL
005 20160401134536.0
008 160401b xxu||||| |||| 00| 0 eng d
040 _aMACL
_cMACL
041 _aHindi
082 _a398
100 _aजयशंकर उपाध्‍याय
_949618
245 _aवाचिक परंपरा व साहित्‍य
260 _bआकृति प्रकाशन
_c2006
_aदिल्‍ली
350 _a250
650 _aFolklore
_949619
942 _cHIN
_k398
_2ddc
999 _c11376
_d11376